Responses for Show #722 - Tuesday, October 27, 1987

Contestants

[<< previous game]

Laurel Altman, a secretary from Sherman Oaks, California

Richard Miller, a psychiatrist from North Hollywood, California

Carol Cling, a journalist from Las Vegas, Nevada (whose 1-day cash winnings total $13,201)

[next game >>]

Jeopardy! Round responses

BIRDS
THE BEATLES
U.S. CITIES
TV WESTERNS
VOCABULARY
POT LUCK
    $100 21
heart

Laurel
    $100 1
Ringo Starr

Richard
    $100 2
Santa Barbara

Richard
    $100 3
Roy Rogers

Carol
    $100 5
Eskimo rolls

Richard
    $100 17
Napoleon Bonaparte

Richard
    $200 24
calls or songs

Richard
    $200 4
(Alex: "She [*]s You", "Can't Buy Me [*], "[*] Me Do".)

Love

Laurel
    $200 6
John Hancock

Carol
    $200 7
Bonanza

Richard
    $200 10
(Alex: Yes, the Australian dog.)

dingo

Carol
    $200 19
Occident

Richard
    $300 8
"The Magical Mystery Tour"

Carol
    $300 18
(Richard: What is Little Cuba?)

Little Havana

CarolRichard
    $300 11
(Alex: Wire, [*], San Francisco. Yes, Have Gun – Will Travel.)

Paladin

Carol
    $300 15
conjugation

Laurel
    $300 22
3

Richard
    $400 9
CD chart (Top CDs)

Laurel
    $400 20
Preservation Hall

Carol
    $400 12
Wagon Train

Carol
    $400 16
(Alex: It's a bit for a horse.)

snaffle

Carol
    $400 25
every half hour

Richard
    $500 27
peacock

Carol
    $500 13
"Ob-La-Di, Ob-La-Da"

Carol
    $600 26
United States, France & Spain

Richard
    $500 14
(Carol: Who are Matt Dillon & Bat Masterson?)

Matt Dillon & Wyatt Earp

CarolLaurel
    $500 23
(Alex: [*] is the bird, yes.)

moa

Laurel
    $500 28
[The end-of-round signal sounds.]

(George) Gallup

Richard

Scores at the first commercial break (after clue 15):

Carol Richard Laurel
$1,500 $500 $1,400

Scores at the end of the Jeopardy! Round:

Carol Richard Laurel
$3,100 $2,500 $2,000

Double Jeopardy! Round responses

AMERICAN INDIANS
NOVEL CHARACTERS
(Alex: Give the title of the work.)
STARTS WITH "K"
THE 17th CENTURY
SHOW BIZ MARRIAGES
NONPOTENT POTABLES
    $200 2
The Last of the Mohicans

Richard
    $200 1
Dr. Jekyll and Mr. Hyde

Richard
    $200 12
Kaiser

Laurel
    $200 10
haiku

Richard
    $200 7
(Richard: Who is Sid Luft?)

Vincente Minnelli

CarolRichard
    $200 20
water

Richard
    $400 3
(Carol: What is shave them?)
...
(Alex: In order to flatten them out.)

bind them

CarolRichard
    $400 6
(Carol: Who is [*]?)
(Alex: It's Edmond Dantes.)
[laughter]

The Count of Monte Cristo

Carol
    $400 13
kennel

Richard
    $400 11
House of Lords

Carol
    $400 8
Debbie

Richard
    $400 25
root beer

Richard
    $600 4
Chickasaws

Richard
    $600 14
A Tale of Two Cities

Laurel
    $600 22
Kentucky

Carol
    $600 21
Thirty Years' War

Richard
    $600 17
Connie Stevens

Carol
    $600 30
(Carol: Uh, what is a soda?)

milkshake

CarolLaurel
    $800 5
swastika

Laurel
    $800 15
Doctor Zhivago

Carol
    $2,000 23
[As Alex read the clue, and before the music was heard, Carol was smiling and bobbing her head.]
(Alex: You wanna listen to the music or you want to give me a response instead?)
(Carol: It's nice music.)

Kismet

Carol
    $800 29
(Laurel: What is Holland?)

Portugal

Laurel
Triple Stumper
    $800 18
Ruth Gordon

Carol
    $800 28
on the moon

Carol
    $800 9
(Richard: Who is the Secretary of the Interior?)

Vice President of the United States

Richard
    $1000 16
The Prisoner of Zenda

Carol
    $1000 24
(Carol: What is kale?)

kohlrabi

Carol
Triple Stumper
    $1000 27
Tower of London

Laurel
    $1000 19
Yves Montand

Laurel
    $1000 26
Schweppes

Richard

Scores at the end of the Double Jeopardy! Round:

Carol Richard Laurel
$8,700 $6,100 $5,400

[wagering suggestions for these scores]

Final Jeopardy! Round responses

BRITISH HISTORY
(Alex: We come down to Carol who had the lead with $8,700. Did she get [*]?)
(Carol: My math did me in again.)
(Alex: Your math ruined it for you, you put down the 8th. Well, that cost you. How much?)
(Carol: No.)
(Alex: Oh, that is [*]? Oh, okay. When you said your math did you in again I thought...)
(Carol: [Cringing laugh] Wait'll you see my wager.)
[Audience reaction]
[Richard reached over for a one-handed shoulder pat and consoling hug.]
LaurelWho was Henry VII?
$5,000
RichardWho was Henry VII?
$6,100
CarolWho was Henry VII?
$1,000
Henry VII

Final scores:

Carol Richard Laurel
$9,700 $12,200 $10,400
3rd place: a Cutco kitchen knife set + a choice of Jeopardy! box game or computerized version of Jeopardy! New champion: $12,200 + choice of Jeopardy! box game or computerized version of Jeopardy! 2nd place: a trip on Delta to Las Vegas & stay at Las Vegas Hilton + choice of Jeopardy! box game or computerized version of Jeopardy!

Game dynamics:

Coryat scores:

Carol Richard Laurel
$7,500 $6,800 $5,400
21 R
(including 1 DD),
4 W
22 R
(including 1 DD),
3 W
(including 1 DD)
12 R,
1 W

Combined Coryat: $19,700

[game clues] [game scores] [suggest correction]

Game tape date: 1987-08-24
The J! Archive is created by fans, for fans. Scraping, republication, monetization, and malicious use prohibited; this site may use cookies and collect identifying information. See terms. The Jeopardy! game show and all elements thereof, including but not limited to copyright and trademark thereto, are the property of Jeopardy Productions, Inc. and are protected under law. This website is not affiliated with, sponsored by, or operated by Jeopardy Productions, Inc. Join the discussion at JBoard.tv.